|
|
|
|
| LEADER |
00893nam a2200217 a 4500 |
| 001 |
3901809 |
| 008 |
090713r1996 enka 000 0 eng d |
| 010 |
|
|
|a 25000120
|
| 040 |
|
|
|a DLC
|c OTU
|d OCoLC
|d DLC
|
| 082 |
0 |
0 |
|a 801/.95
|2 21
|
| 999 |
|
|
|c 2418
|d 2418
|
| 999 |
|
|
|c 2418
|
| 100 |
1 |
|
|a Richards, I. A.
|q (Ivor Armstrong),
|d 1893-1979.
|9 19788
|
| 245 |
1 |
0 |
|a Principles of literary criticism /
|c by I. A. Richards.
|
| 260 |
|
|
|a London;
|a New York;
|a New Delhi:
|b K. Paul, Trench, Trubner, & Co., ltd.;
|b Harcourt, Brace & Co., inc.;
|b Universal Book Stall,
|c 1996
|
| 300 |
|
|
|a vi, 242 p.
|b diagrs.;
|c 23 cm.
|
| 541 |
1 |
|
|e 00012135
|
| 650 |
|
0 |
|a Criticism.
|9 19789
|
| 852 |
4 |
|
|a Ayesha Abed Library
|j General Shelf.
|
| 942 |
|
|
|2 ddc
|c BK
|
| 952 |
|
|
|0 0
|1 0
|2 ddc
|4 0
|6 801_950000000000000_RIC
|7 0
|9 2238
|a BRACUL
|b BRACUL
|c GEN
|d 2009-07-14
|g 60.00
|l 1
|m 6
|o 801.95 RIC
|p 3010012135
|r 2025-04-26
|s 2025-03-08
|t 1
|w 2009-07-14
|y BK
|